The farm advisor : (Record no. 19063)

000 -LEADER
fixed length control field 00486cam a2200157 a 4500
040 ## - CATALOGING SOURCE
Transcribing agency DLC
082 00 - DEWEY DECIMAL CLASSIFICATION NUMBER
Classification number 630 FOO 1982 C160 Or.
100 1# - MAIN ENTRY--AUTHOR NAME
Personal name Allo, A. V.
245 14 - TITLE STATEMENT
Title The farm advisor :
Remainder of title a discussion of agricultural extension for developing countries /
260 ## - PUBLICATION, DISTRIBUTION, ETC. (IMPRINT)
Place of publication Taipei, Taiwan :
Name of publisher Food and Fertilizer Technology Center,
Year of publication [1982]
300 ## - PHYSICAL DESCRIPTION
Number of Pages 90 p. ;
Dimensions 26 cm.
500 ## - GENERAL NOTE
General note "January 1982."
650 #0 - SUBJECT ADDED ENTRY--TOPICAL TERM
Topical Term Agricultural extension work
700 1# - ADDED ENTRY--PERSONAL NAME
Personal name Schwass, R. H.
942 ## - ADDED ENTRY ELEMENTS (KOHA)
Koha item type ADB
952 ## - LOCATION AND ITEM INFORMATION (KOHA)
Withdrawn status [LOCAL, KOHA] 0
Holdings
Koha item type Source of acquisition Lost status Permanent Location Current Location Date acquired Full call number
សៀវភៅភាសាអង់គ្លេសA38938 Library Block CLibrary Block C2020-03-04630 FOO 1982 C160 Or.
មជ្ឈមណ្ឌលឯការនៃសាកលវិទ្យាល័យភូមិន្ទកសិកម្មចំការដូង

Powered by Koha